| 000 | 00435pab a2200157 454500 | ||
|---|---|---|---|
| 008 | 180718b2003 xxu||||| |||| 00| 0 eng d | ||
| 100 | _aSaha, T. et al. | ||
| 245 | _aWaste water quality status of the tally nulla in Calcutta | ||
| 260 | _c2003 | ||
| 300 | _ap.221-26. | ||
| 362 | _aJul | ||
| 650 | _aWaste water - India - West Bengal | ||
| 650 | _aWaste water | ||
| 773 | _aIndian Journal of Environmental Health | ||
| 909 | _a59466 | ||
| 999 |
_c59466 _d59466 |
||